Szczegóły MARC21

Kronikarz z Baker Street : strategie narracyjne w utworach Artura Conan Doyle'a o Sherlocku Holme sie /

005 -DATA I CZAS OSTATNIEJ MODYFIKACJI [,]
    • @
    • pole kontrolne
    • 20070315155141.9
020 -Międzynarod. znormalizowany nr książki - ISBN [ , ]
    • a
    • Numer ISBN
    • 8388343017 Find
040 -Instytucja sporządzająca opis [ , ]
    • a
    • Instytucja, która sporządziła opis (NP)
    • SZCZ U
    • c
    • Instytucja, która sporządziła rekord (NP)
    • SZCZ U
041 -Język dokumentu [0, ]
    • a
    • Język tekstu (P)
    • polski
    • h
    • Język tekstu oryginalnego i/lub pośredniego (P)
    • polski
942 -Rodzaj dokumentu [ , ]
    • c
    • Rodzaj dokumentu
    • Książka
100 -Hasło główne - nazwa osobowa [ , ]
    • a
    • Nazwa osobowa (NP)
    • KOKOT, JOANNA
245 -Strefa tytułu i oznaczenia odpowiedzialności [1, ]
    • a
    • Tytuł
    • Kronikarz z Baker Street : Find
    • b
    • Ciąg dalszy tytułu (NP)
    • strategie narracyjne w utworach Artura Conan Doyle'a o Sherlocku Holme sie / Find
    • c
    • Pozostałe elementy strefy tytułu i oznaczenia odpowiedzialności (NP)
    • Joanna Kokot.
260 -Strefa adresu wydawniczego [ , ]
    • a
    • Miejsce wydania (P)
    • Olsztyn :
    • b
    • Nazwa wydawcy (P)
    • Uniw.Warmińsko-Mazurski,
    • c
    • Data wydania (P)
    • 1999.
300 -Strefa opisu fizycznego [ , ]
    • a
    • Określenie formy książki i/lub objętość (NP)
    • 155 s. :
    • c
    • Format (NP)
    • 24 cm.
500 -Uwaga ogólna [ , ]
    • a
    • Uwaga ogólna (NP)
    • Bibliogr.Ind.Summ
080 -Uniwersalna Klasyfikacja Dziesiętna [ , ]
    • a
    • Symbol klasyfikacji
    • 820(091)"18"Doyle A.C.
080 -Uniwersalna Klasyfikacja Dziesiętna [ , ]
    • a
    • Symbol klasyfikacji
    • :82.03
980 -Symbol UKD [ , ]
    • a
    • UKD
    • 820(091)"18"Doyle A.C.:82.03
920 -ISBN [ , ]
    • a
    • ISBN
    • 83-88343-01-7 Find
Lokalizacja Numer inwentarzowy Data inwentaryzacji Status udost. Sygnatura
BMA.62082001-08-311ANG. Literatura popularna 05